El totemismo en la actualidad
Guardat en:
| Autor principal: | |
|---|---|
| Format: | Llibre |
| Idioma: | espanyol |
| Publicat: |
Ciudad de México
Fondo de Cultura Económica
1965
|
| Col·lecció: | Breviarios del Fondo de Cultura Económica, 185
|
| Matèries: | |
| Etiquetes: |
Afegir etiqueta
Sense etiquetes, Sigues el primer a etiquetar aquest registre!
|
MARC
| LEADER | 00000nam a2200000 a 4500 | ||
|---|---|---|---|
| 001 | UCO4518 | ||
| 003 | CL-VaPUC | ||
| 008 | 000804e19650000MX |||||||||||||||||spa|d | ||
| 082 | 0 | 4 | |a 306 |b LEV |2 21 |
| 100 | |a Lévi-Strauss, Claude |e author |9 265689 | ||
| 245 | 1 | 3 | |a El totemismo en la actualidad |
| 300 | |a 157 p | ||
| 942 | |c BK | ||
| 945 | |d 20000804 00:00:00 |a crobeson | ||
| 260 | |a Ciudad de México |b Fondo de Cultura Económica |c 1965 | ||
| 650 | 7 | |a TOTEMISMO |2 CL-VaPUC |9 266738 | |
| 650 | 0 | |a Antropología cultural y social |9 265143 | |
| 650 | 0 | |a Antropología estructural |9 265692 | |
| 583 | |a last modification |c 20000804 00:00:00 |k Rodrigo Vera | ||
| 490 | 0 | |a Breviarios del Fondo de Cultura Económica, 185 | |
| 999 | |c 290551 |d 290549 | ||
| 952 | |0 0 |1 0 |4 0 |6 306_000000000000000_LEV_1965 |7 0 |8 A |9 340058 |a BIBART |b BIBART |d 2019-11-20 |i 1213733 |o 306 LEV 1965 |p 1213733 |r 2025-03-13 |w 2019-11-20 |y BK |k ART | ||